Bollywood Movies by Picture - Statistics

General Stats
  • This quiz has been taken 1,591 times
  • The average score is 7 of 10
Answer Stats
Picture Answer % Correct
3 Idiots
95%
Student of the Year
93%
Kuch Kuch Hota Hai
89%
Pathaan
89%
Ek Tha Tiger
88%
Dhoom
85%
Half Girlfriend
66%
Bobby
34%
Kabhie Kabhie
12%
Sangam
12%
No matching quizzes found
Score Distribution
Percent of People with Each Score
Percentile by Number Answered
Your Score History
You have not taken this quiz